Evolution (Record no. 7798)

MARC details
000 -CABECERA
campo de control de longitud fija 00813nam a2200265 a 4500
001 - NÚMERO DE CONTROL
campo de control BRCA_8130
005 - FECHA Y HORA DE LA ÚLTIMA TRANSACCIÓN
campo de control 20190320210138.0
008 - DATOS DE LONGITUD FIJA--INFORMACIÓN GENERAL
campo de control de longitud fija 110414s1962----nyua###f##---#001-0#eng-#
041 ## - CÓDIGO DE LENGUA
Código de lengua del texto/banda sonora o título independiente eng
044 ## - CÓDIGO DEL PAÍS DE LA ENTIDAD EDITORA/PRODUCTORA
Código MARC del país nyu
050 #4 - SIGNATURA TOPOGRÁFICA DE LA BIBLIOTECA DEL CONGRESO
Número de clasificación QH359
Número de documento/Ítem .EV93
-- 1962
100 1# - ENTRADA PRINCIPAL--NOMBRE DE PERSONA
Nombre de persona Moore, Ruth
9 (RLIN) 20245
245 10 - MENCIÓN DE TÍTULO
Título Evolution
Mención de responsabilidad, etc. By Ruth Moore and the editors of Life.
260 ## - PUBLICACIÓN, DISTRIBUCIÓN, ETC.
Lugar de publicación, distribución, etc. New York
Nombre del editor, distribuidor, etc. Stonehenge Book
Fecha de publicación, distribución, etc. 1962
300 ## - DESCRIPCIÓN FÍSICA
Extensión 192 p.
Otras características físicas il. (algunas a color)
Dimensiones 28 cm.
440 #0 - MENCIÓN DE SERIE/PUNTO DE ACCESO ADICIONAL--TÍTULO
Título Life nature library
9 (RLIN) 19289
500 ## - NOTA GENERAL
Nota general Y208
600 14 - PUNTO DE ACCESO ADICIONAL DE MATERIA--NOMBRE DE PERSONA
Nombre de persona Darwin, Charles
Fechas asociadas al nombre 1809-1882
Subdivisión geográfica Inglaterra
9 (RLIN) 20246
650 14 - PUNTO DE ACCESO ADICIONAL DE MATERIA--TÉRMINO DE MATERIA
Término de materia o nombre geográfico como elemento de entrada Evolución
Subdivisión de forma Teoría
9 (RLIN) 20247
650 14 - PUNTO DE ACCESO ADICIONAL DE MATERIA--TÉRMINO DE MATERIA
Término de materia o nombre geográfico como elemento de entrada Evolución
Subdivisión de forma Origen de las especies
9 (RLIN) 20248
650 14 - PUNTO DE ACCESO ADICIONAL DE MATERIA--TÉRMINO DE MATERIA
Término de materia o nombre geográfico como elemento de entrada Evolución
Subdivisión de forma Animales y plantas
9 (RLIN) 20249
710 2# - PUNTO DE ACCESO ADICIONAL--NOMBRE DE ENTIDAD CORPORATIVA
Nombre de entidad corporativa o nombre de jurisdicción como elemento de entrada Life International Publication
9 (RLIN) 20250
902 ## - CATALOGADOR
Iniciales GFM
942 ## - ELEMENTOS DE PUNTO DE ACCESO ADICIONAL (KOHA)
Fuente del sistema de clasificación o colocación Library of Congress Classification
Tipo de ítem Koha Libros
Holdings
Estado de retiro Estado de pérdida Estado dañado No para préstamo Localización permanente Ubicación/localización actual Fecha de adquisición Número de inventario Total de préstamos Signatura topográfica completa Código de barras Fecha visto por última vez Precio válido a partir de Tipo de ítem Koha
El ejemplar forma parte de la colección y puede ser consultado según las políticas vigentes.       Biblioteca del Museo Franz Mayer (Rogerio Casas-Alatriste) Biblioteca del Museo Franz Mayer (Rogerio Casas-Alatriste) 11/04/2014 Y208   QH359 .EV93 1962 (Y208) 8754 22/03/2019 22/03/2019 Libros